000 00591nam a2200217Ia 4500
003 OSt
005 20220928135625.0
006 a|||||r|||| 00| 0
007 ta
008 220927b |||||||| |||| 00| 0 eng d
024 _a3993
037 _cTextual
040 _aSDCL
_cSDCL
_beng
041 _2eng
_aeng
082 _aX:54, L4
100 _aJohnson Harry J Ed.
_9492201
245 0 _aNew mercantilism
_b Some problems in international trade, money and investment
260 _c1974
942 _hX:54, L4
_cTEXL
_2CC
999 _c807693
_d807693